| 000 | 00766nam a22002057a 4500 | ||
|---|---|---|---|
| 999 |
_c10084 _d10084 |
||
| 003 | AR-CdUCM | ||
| 008 | 190329b ||||| |||| 00| 0 spa d | ||
| 040 |
_aMUNICIPALIDAD PROVINCIAL DEL CUSCO _cBIBLIOTECA MUNICIPAL DEL CUSCO |
||
| 082 |
_a868.6 / _bM23 N / 1935 |
||
| 100 |
_aMata, Pedro _926738 |
||
| 245 |
_aUn grito en la noche : _bnovela de amor y de dolor / |
||
| 260 |
_aSantiago de Chile : _bEdiciones ercilla, _c1935. |
||
| 300 |
_a369 paginas ; _c20 cm. |
||
| 505 | _aContenido : La protagonista -- Dos hermanos antitéticos -- Una niña buena -- Final desastroso -- El milagro de lázaro.. | ||
| 650 |
_aNovela de amor _926739 |
||
| 650 |
_aMala noche _926740 |
||
| 650 |
_aLiteratura latinoamericana _91143 |
||
| 942 |
_2ddc _cLIBROS |
||
| 945 | _awnts | ||